Southville International School and Colleges
Your cart is empty.
  • Cart
  • Lists
    Public lists Eva Luna New books Lux_list list_1
    Your lists Log in to create your own lists
  • Log in to your account
  • Your cookies
  • Search history
Southville International School and Colleges
  • Advanced search
  • Recent comments
  • Most popular
  • Libraries

Log in to your account

Log in with GOOGLE


If you do not have an external account, but do have a local account, you can still log in:

  1. Home
  2. MARC view: Man into superman : the startling potential of human evolution and how to be part of it /
Normal view MARC view ISBD view

Man into superman : the startling potential of human evolution and how to be part of it / (Record no. 10759)

[ view plain ]
MARC details
000 -LEADER
fixed length control field 00866cam a2200277 4500
001 - CONTROL NUMBER
control field 4601068
003 - CONTROL NUMBER IDENTIFIER
control field LC
005 - DATE AND TIME OF LATEST TRANSACTION
control field 20160222135640.0
008 - FIXED-LENGTH DATA ELEMENTS--GENERAL INFORMATION
fixed length control field 720630s1972 nyu b 001 0 eng
010 ## - LIBRARY OF CONGRESS CONTROL NUMBER
LC control number 76184552
040 ## - CATALOGING SOURCE
Original cataloging agency DLC
Transcribing agency DLC
Modifying agency DLC
050 00 - LIBRARY OF CONGRESS CALL NUMBER
Classification number BD 450
Item number .Et86 1972
082 00 - DEWEY DECIMAL CLASSIFICATION NUMBER
Classification number FIC
Item number Et7m 1972
100 1# - MAIN ENTRY--PERSONAL NAME
Personal name Ettinger, R. C. W.
Fuller form of name (Robert C. W.)
9 (RLIN) 17594
245 10 - TITLE STATEMENT
Title Man into superman : the startling potential of human evolution and how to be part of it /
Statement of responsibility, etc [by] R. C. W. Ettinger.
260 ## - PUBLICATION, DISTRIBUTION, ETC. (IMPRINT)
Place of publication, distribution, etc New York :
Name of publisher, distributor, etc St. Martin's Press,
Date of publication, distribution, etc c1972.
300 ## - PHYSICAL DESCRIPTION
Extent 312 p. :
Dimensions 18 cm.
350 ## - PRICE (NR) (BK AM CF MU VM SE) [OBSOLETE]
Price $8.95
650 #0 - SUBJECT ADDED ENTRY--TOPICAL TERM
Topical term or geographic name as entry element Human beings.
9 (RLIN) 17590
650 #0 - SUBJECT ADDED ENTRY--TOPICAL TERM
Topical term or geographic name as entry element Superman (Philosophical concept)
9 (RLIN) 17591
650 #0 - SUBJECT ADDED ENTRY--TOPICAL TERM
Topical term or geographic name as entry element Human evolution.
9 (RLIN) 17592
650 #0 - SUBJECT ADDED ENTRY--TOPICAL TERM
Topical term or geographic name as entry element Cryonics.
9 (RLIN) 17593
906 ## - LOCAL DATA ELEMENT F, LDF (RLIN)
a 7
b cbc
c orignew
d 2
e ncip
f 19
g y-gencatlg
942 ## - ADDED ENTRY ELEMENTS (KOHA)
Source of classification or shelving scheme Library of Congress Classification
Koha item type Books
Holdings
Withdrawn status Lost status Source of classification or shelving scheme Damaged status Home library Current library Shelving location Date acquired Total Checkouts Full call number Barcode Date last seen Copy number Price effective from Koha item type
    Library of Congress Classification   Luxembourg Library Luxembourg Library Fiction Section 09/10/2013   BD 450 .Et86 1972 9499 09/10/2013 1 09/10/2013 Books

Man into superman : the startling potential of human evolution and how to be part of it /

APA

Ettinger R. C. W., . (1972). Man into superman : the startling potential of human evolution and how to be part of it. New York: St. Martin's Press.

Chicago

Ettinger R C W, . 1972. Man into superman : the startling potential of human evolution and how to be part of it. New York: St. Martin's Press.

Harvard

Ettinger R. C. W., . (1972). Man into superman : the startling potential of human evolution and how to be part of it. New York: St. Martin's Press.

MLA

Ettinger R C W, . Man into superman : the startling potential of human evolution and how to be part of it. New York: St. Martin's Press. 1972.

  • Place hold
  • Print
  • Cite
  • Add to your cart (remove)
  • Save record
    BIBTEX Dublin Core MARCXML MARC (non-Unicode/MARC-8) MARC (Unicode/UTF-8) MARC (Unicode/UTF-8, Standard) MODS (XML) RIS
  • More searches
    Search for this title in:
    Other Libraries (WorldCat) Other Databases (Google Scholar) Online Stores (Bookfinder.com) Open Library (openlibrary.org)

Exporting to Dublin Core...

SOUTHVILLE LIBRARY

Southville International School and Colleges Library

1281 Tropical Ave. Cor. Luxembourg St., BF Homes International, Las Pinas City

Tel. No. 8256374 / 252358 Loc. 117/146

Powered by Koha